[Event "Temuco op 2nd"]
[Site "Temuco"]
[Date "2025.01.10"]
[Round "1"]
[White "Molina, Pablo Sebastian"]
[Black "Fuenzalida Hernandez, Lukas Damia"]
[Result "1-0"]
[WhiteElo "2244"]
[BlackElo "1677"]
[PlyCount "72"]
[EventDate "2025.01.10"]
[EventType "swiss"]
[EventRounds "9"]
[EventCountry "CHI"]
[SourceTitle "CB04_2025"]
[SourceDate "2025.01.22"]
[SourceVersion "1"]
[SourceVersionDate "2025.01.22"]
[SourceQuality "1"]

1. e4 c5 2. Nf3 d6 3. d4 cxd4 4. Nxd4 Nf6 5. Nc3 a6 6. Bg5 e6 7. f4 b5 8. e5 dxe5 9. fxe5 Qc7 10. exf6 Qe5+ 11. Be2 Qxg5 12. 0-0 Ra7 13. Qd3 Rd7 14. Ne4 Qe5 15. c3 Bb7 16. Bf3 Nc6 17. Nxc6 Rxd3 18. Nxe5 Re3 19. Nf2 Bxf3 20. Nxf3 gxf6 21. Rfe1 Rxe1+ 22. Rxe1 Bc5 23. b4 Bb6 24. a4 Ke7 25. Kf1 Rc8 26. Rc1 bxa4 27. Nd1 a5 28. bxa5 Bxa5 29. Ra1 Bxc3 30. Rc1 a3 31. Nxc3 a2 32. Nxa2 Rxc1+ 33. Nxc1 e5 34. g4 Ke6 35. Nh4 e4 36. Kf2 Ke5 1-0